[Event "SR 3. liga A2 2004/2005"]
[Site "?"]
[Date "2004.??.??"]
[Round "?"]
[White "Zajicek, Ferdinand"]
[Black "Vyboch, Jozef"]
[Result "0-1"]
[WhiteElo "1725"]
[BlackElo "1980"]
[Annotator "Trnava B - Gbely"]
[PlyCount "58"]
[EventDate "2004.??.??"]

1. e4 c5 2. Nf3 Nc6 3. Nc3 Nf6 4. Bc4 e6 5. a3 d5 6. exd5 exd5 7. Be2 d4 8. Na2
Be6 9. d3 Be7 10. O-O O-O 11. Bf4 Nd5 12. Bg3 f5 13. Be5 g5 14. c4 Nb6 15. Qe1
g4 16. Nd2 Nxe5 17. Bd1 Qd6 18. Nc1 Rf6 19. f4 Ng6 20. Bxg4 fxg4 21. Ne4 Qd7
22. Nxf6+ Bxf6 23. Qf2 Ne7 24. Nb3 Rc8 25. Rae1 Nf5 26. Re4 Ne3 27. Re1 Bf5 28.
R4xe3 dxe3 29. Qxe3 Bxb2 0-1

[Event "SR 3. liga A2 2004/2005"]
[Site "?"]
[Date "2004.??.??"]
[Round "?"]
[White "Hagara, Vladimir"]
[Black "Papanek, Lubomir"]
[Result "0-1"]
[WhiteElo "1980"]
[BlackElo "1655"]
[Annotator "Trnava B - Gbely"]
[PlyCount "144"]
[EventDate "2004.??.??"]

1. d4 Nf6 2. c4 e6 3. Nc3 Bb4 4. e3 Ne4 5. Qc2 d5 6. Bd3 Nxc3 7. bxc3 Be7 8.
Nf3 c6 9. O-O Nd7 10. cxd5 cxd5 11. e4 dxe4 12. Bxe4 Nf6 13. Bd3 h6 14. Bd2 Qc7
15. Ne5 Bd6 16. f4 O-O 17. Rab1 Bd7 18. Rf3 Bc6 19. Nxc6 Qxc6 20. c4 b6 21. h3
Rac8 22. Rb2 Rfd8 23. Be3 Be7 24. f5 exf5 25. Bxf5 Rc7 26. Bd3 Qe8 27. Qb1 Bd6
28. Rb5 Re7 29. Bf2 Ne4 30. Bxe4 Rxe4 31. Qd3 Rd7 32. Rd5 Re6 33. Re3 Rxe3 34.
Bxe3 Qe6 35. Rf5 Re7 36. Rf3 g5 37. Kf1 f5 38. Bf2 f4 39. d5 Qe4 40. Qxe4 Rxe4
41. Rc3 Bc5 42. Bxc5 bxc5 43. Ra3 Rxc4 44. Rxa7 Rd4 45. Rd7 Kf8 46. d6 Ke8 47.
Re7+ Kd8 48. Re6 c4 49. Ke1 c3 50. Re2 Rxd6 51. Rc2 Rd3 52. Ke2 Re3+ 53. Kf2
Kd7 54. a4 Kd6 55. a5 Kc5 56. a6 Kb6 57. Ra2 Ka7 58. Ra4 Rg3 59. h4 Rd3 60.
hxg5 hxg5 61. Ke2 Rg3 62. Kf2 c2 63. Rc4 Kxa6 64. Rxc2 Kb5 65. Rc8 Kb4 66. Rh8
Kc4 67. Rh3 Rxh3 68. gxh3 Kd4 69. Kf3 Ke5 70. Kf2 Ke4 71. Ke2 f3+ 72. Kf2 Kf4
0-1

[Event "SR 3. liga A2 2004/2005"]
[Site "?"]
[Date "2004.??.??"]
[Round "?"]
[White "Sekera, Branislav"]
[Black "Halas, Miroslav"]
[Result "1-0"]
[WhiteElo "2120"]
[BlackElo "1830"]
[Annotator "Modranka - Trnava C"]
[PlyCount "57"]
[EventDate "2004.??.??"]

1. d4 d5 2. Nf3 Nf6 3. Bg5 e6 4. e3 c5 5. c3 cxd4 6. exd4 Be7 7. Bd3 Nbd7 8.
O-O O-O 9. Nbd2 h6 10. Bh4 Re8 11. Qe2 a6 12. Ne1 Qc7 13. f4 Bd6 14. Bxf6 Nxf6
15. g3 b5 16. a3 Bb7 17. Nef3 Nd7 18. Ne5 f5 19. g4 fxg4 20. Qxg4 Nf6 21. Qg6
Qe7 22. Rae1 Rac8 23. Re2 Rf8 24. Rg2 Kh8 25. Qxh6+ gxh6 26. Ng6+ Kg7 27. Nxe7+
Kf7 28. Nxc8 Bxc8 29. Nf3 1-0

[Event "SR 3. liga A2 2004/2005"]
[Site "?"]
[Date "2004.??.??"]
[Round "?"]
[White "Uvacek, Radovan"]
[Black "Mackovic, Miroslav"]
[Result "1/2-1/2"]
[WhiteElo "1735"]
[BlackElo "1930"]
[Annotator "Modranka - Trnava C"]
[PlyCount "37"]
[EventDate "2004.??.??"]

1. e4 e6 2. d4 d5 3. e5 c5 4. c3 Nc6 5. Nf3 Qb6 6. Be2 Nge7 7. dxc5 Qxc5 8. Be3
Qa5 9. O-O Ng6 10. Bd4 Qc7 11. Bb5 Bd7 12. Re1 Ncxe5 13. Bxe5 Nxe5 14. Bxd7+
Nxd7 15. Qxd5 Be7 16. Qh5 O-O 17. Nbd2 Nf6 18. Qh3 Rfd8 19. Ne4 $11 1/2-1/2

[Event "SR 3. liga A2 2004/2005"]
[Site "?"]
[Date "2004.??.??"]
[Round "?"]
[White "Zarecky, Eduard"]
[Black "Jancik, Ondrej"]
[Result "1/2-1/2"]
[WhiteElo "1920"]
[BlackElo "1720"]
[Annotator "Modranka - Trnava C"]
[PlyCount "42"]
[EventDate "2004.??.??"]

1. d4 Nf6 2. c4 g6 3. Nc3 d5 4. Nf3 Bg7 5. e3 O-O 6. b4 c6 7. a4 Nbd7 8. cxd5
cxd5 9. Qb3 e6 10. Ba3 Re8 11. Nb5 a6 12. Nd6 Re7 13. b5 Bf8 14. Be2 e5 15.
Nxc8 Rxc8 16. Bxe7 Qa5+ 17. Qb4 Qxb4+ 18. Bxb4 Bxb4+ 19. Kd1 Ne4 20. Rf1 Nc3+
21. Kc2 Nxe2+ 1/2-1/2

[Event "SR 3. liga A2 2004/2005"]
[Site "?"]
[Date "2004.??.??"]
[Round "?"]
[White "Klanica, Anton"]
[Black "Kozinka, Jan"]
[Result "1/2-1/2"]
[WhiteElo "1700"]
[BlackElo "1720"]
[Annotator "Modranka - Trnava C"]
[PlyCount "43"]
[EventDate "2004.??.??"]

1. e4 e6 2. d4 c5 3. c3 Nf6 4. Bg5 cxd4 5. cxd4 Qb6 6. Qc2 Bb4+ 7. Bd2 O-O 8.
Bc3 Qxd4 9. Bxb4 Qxb4+ 10. Nc3 Nc6 11. O-O-O e5 12. a3 Qc5 13. f3 Nd4 14. Qd3
d5 15. Kb1 dxe4 16. Nxe4 Nxe4 17. fxe4 Be6 18. Nf3 Rac8 19. Nxd4 exd4 20. Be2
Qe5 21. Qxd4 Qxd4 22. Rxd4 1/2-1/2

[Event "SR 3. liga A2 2004/2005"]
[Site "?"]
[Date "2004.??.??"]
[Round "?"]
[White "Szekely, Stefan"]
[Black "Sulek, Viliam"]
[Result "1/2-1/2"]
[WhiteElo "2060"]
[BlackElo "2160"]
[Annotator "Orech. Poton - Gabeikovo"]
[PlyCount "35"]
[EventDate "2004.??.??"]

1. c4 e5 2. Nc3 Nf6 3. d3 Bc5 4. Nf3 Nc6 5. Bg5 h6 6. Bh4 g5 7. Bg3 d6 8. e3
Bg4 9. h4 Bxf3 10. gxf3 Nh5 11. Qd2 f5 12. O-O-O f4 13. Bh2 Rf8 14. Ne4 Bb4 15.
Qc2 d5 16. cxd5 Qxd5 17. a3 Be7 18. Bh3 1/2-1/2

[Event "SR 3. liga A2 2004/2005"]
[Site "?"]
[Date "2004.??.??"]
[Round "?"]
[White "Petenyi, Tamas"]
[Black "Both, Lajos"]
[Result "1/2-1/2"]
[WhiteElo "2035"]
[BlackElo "1995"]
[Annotator "Orech. Potoo - Gabeikovo"]
[PlyCount "44"]
[EventDate "2004.??.??"]

1. e4 e6 2. d4 d5 3. Nc3 dxe4 4. Nxe4 Bd7 5. Nf3 Bc6 6. Ng3 Nf6 7. c3 Nbd7 8.
Bd3 Be7 9. O-O O-O 10. Re1 b6 11. Qe2 Re8 12. Ne5 Nxe5 13. dxe5 Nd7 14. f4 Bc5+
15. Kh1 Nf8 16. Be3 Bxe3 17. Qxe3 Qh4 18. Be4 Bxe4 19. Nxe4 Red8 20. Rad1 Rxd1
21. Rxd1 Rd8 22. Rxd8 Qxd8 $11 1/2-1/2

[Event "SR 3. liga A2 2004/2005"]
[Site "?"]
[Date "2004.??.??"]
[Round "?"]
[White "Varga, Alexander"]
[Black "Puobis, Jozef"]
[Result "1-0"]
[WhiteElo "1850"]
[BlackElo "2060"]
[Annotator "Orech. Potoo - Gabeikovo"]
[PlyCount "89"]
[EventDate "2004.??.??"]

1. d4 d5 2. Nf3 Nf6 3. h3 c6 4. Bf4 Ne4 5. c3 Nd7 6. Nbd2 Ndf6 7. e3 Qb6 8. Qb3
Nxd2 9. Nxd2 Bf5 10. Qxb6 axb6 11. Bc7 b5 12. Be2 Kd7 13. Bh2 e6 14. f3 b4 15.
c4 Bc2 16. Kf2 Bd6 17. Be5 b6 18. Rhc1 Bg6 19. c5 bxc5 20. Bxd6 Kxd6 21. Rxc5
Nd7 22. Rcc1 Nb6 23. a3 bxa3 24. Rxa3 Rxa3 25. bxa3 Ra8 26. Ra1 Na4 27. e4 f6
28. Ke3 e5 29. exd5 exd4+ 30. Kxd4 c5+ 31. Ke3 Re8+ 32. Kf2 Kxd5 33. Bb5 Ra8
34. Rc1 Nb2 35. Ne4 $11 Bxe4 36. fxe4+ Kd4 37. Rc2 Nd1+ 38. Ke1 Nc3 39. Rd2+
Ke5 40. a4 Nxb5 41. axb5 Kxe4 42. Rd7 g5 43. b6 h5 44. b7 Ra1+ 45. Rd1 1-0

[Event "SR 3. liga A2 2004/2005"]
[Site "?"]
[Date "2004.??.??"]
[Round "?"]
[White "Kosar, Mikulas ml"]
[Black "Arpa, Zoltan"]
[Result "1-0"]
[WhiteElo "2005"]
[BlackElo "1890"]
[Annotator "Orech. Potoo - Gabeikovo"]
[PlyCount "103"]
[EventDate "2004.??.??"]

1. e4 e6 2. d4 d5 3. Nc3 Nf6 4. Bg5 Be7 5. e5 Nfd7 6. Bxe7 Qxe7 7. Nf3 Nb6 8.
Bb5+ Bd7 9. O-O Bxb5 10. Nxb5 a6 11. Na3 Nc6 12. c3 O-O 13. Nc2 Rfc8 14. Ne3
Na5 15. b4 Nac4 16. Nxc4 Nxc4 17. Ne1 c6 18. Nd3 Nb6 19. f4 Nd7 20. Qg4 f5 21.
Qe2 b6 22. Rf3 c5 23. Rh3 cxd4 24. cxd4 Rc4 25. Qf2 Rac8 26. a3 Rc2 27. Qf3
R8c4 28. Qe3 Nb8 29. Ne1 Rb2 30. Rc1 Qc7 31. Rxc4 Qxc4 32. Qc3 Rb1 33. Qxc4
dxc4 34. Kf2 Nc6 35. Rc3 b5 36. Nf3 h6 37. Ke3 a5 38. bxa5 Nxa5 39. d5 exd5 40.
Kd4 Rd1+ 41. Kc5 Rd3 42. Rxd3 cxd3 43. Kd4 Nc4 44. Kxd3 Nxa3 45. Kd4 Nc4 46.
Kc5 Kf7 47. Nd4 g6 48. Nxb5 Ne3 49. Kd6 Nc4+ 50. Kxd5 Nb6+ 51. Kc6 Nc4 52. Nd6+
1-0

[Event "SR 3. liga A2 2004/2005"]
[Site "?"]
[Date "2004.??.??"]
[Round "?"]
[White "Liska, Frantisek"]
[Black "Kosar, Mikulas st"]
[Result "1/2-1/2"]
[WhiteElo "2075"]
[BlackElo "2025"]
[Annotator "Orech. Potoo - Gabeikovo"]
[PlyCount "84"]
[EventDate "2004.??.??"]

1. e4 e5 2. Nf3 Nf6 3. Nc3 d6 4. Bc4 h6 5. O-O Bg4 6. h3 Bh5 7. d3 Nbd7 8. a3
c6 9. g4 Nxg4 10. hxg4 Bxg4 11. Kg2 Qf6 12. Qe2 Be7 13. Rg1 Qg6 14. Kf1 Qh5 15.
Bxf7+ Kxf7 16. Rxg4 Qh3+ 17. Rg2 Qh1+ 18. Ng1 Qh4 19. Qg4 Qxg4 20. Rxg4 Nf6 21.
Rg2 Raf8 22. Be3 a6 23. Ke2 Nh5 24. Rf1 Nf4+ 25. Bxf4 exf4 26. Nf3 g5 27. Nd4
Ke8 28. Nf5 Kd7 29. Nxe7 f3+ 30. Ke3 fxg2 31. Rg1 Kxe7 32. Rxg2 Kf6 33. d4 h5
34. e5+ dxe5 35. Ne4+ Ke7 36. dxe5 g4 37. Nc5 Rf3+ 38. Ke2 Rf5 39. Nd3 Ke6 40.
Ke3 Kd5 41. Nf4+ Kc5 42. Ke4 Rxf4+ 1/2-1/2

[Event "SR 3. liga A2 2004/2005"]
[Site "?"]
[Date "2004.??.??"]
[Round "?"]
[White "Bott, Tamas"]
[Black "Szitasi, Janos"]
[Result "0-1"]
[WhiteElo "1625"]
[BlackElo "2005"]
[Annotator "Orech. Potoo - Gabeikovo"]
[PlyCount "104"]
[EventDate "2004.??.??"]

1. e4 c5 2. f4 Nc6 3. Bc4 e6 4. Nc3 Nge7 5. Nf3 d5 6. exd5 exd5 7. Bb5 a6 8.
Bxc6+ Nxc6 9. d4 cxd4 10. Nxd4 Bc5 11. Nb3 Bb4 12. Bd2 O-O 13. O-O Re8 14. a3
Bf8 15. Qf3 d4 16. Ne2 Bf5 17. Qf2 $11 Bxc2 18. Nexd4 Nxd4 19. Nxd4 Bc5 20. Bc3
$11 Bd3 21. Rfe1 Qd5 22. Rad1 Rxe1+ 23. Rxe1 h6 24. Re5 Qd6 25. Qe3 Bb5 26. Qd2
$11 Rd8 27. Rxc5 Qxc5 28. g3 Qc4 29. Qd1 Qd3 30. Qxd3 Bxd3 31. Kf2 Re8 32. Kf3
b6 33. Kf2 a5 34. Kf3 f5 35. Kf2 g6 36. h4 Kf8 37. Kf3 Kf7 38. Kf2 Ke7 39. Nc6+
Kd6 40. Ne5 Ba6 41. Nxg6 Kd5 42. Ne5 Ke4 43. Nf7 Kd3 44. Nxh6 Re2+ 45. Kg1 Ke4
46. h5 Rc2 47. Be5 Bc4 48. g4 fxg4 49. Nxg4 Re2 50. h6 Kf3 51. Nh2+ Kg3 52. f5+
Rxe5 0-1

[Event "SR 3. liga A2 2004/2005"]
[Site "?"]
[Date "2004.??.??"]
[Round "?"]
[White "Kubis, Ivan"]
[Black "Gajarsky, Roman"]
[Result "1-0"]
[WhiteElo "2060"]
[BlackElo "2025"]
[Annotator "Skalica - Hlohovec juniori"]
[PlyCount "87"]
[EventDate "2004.??.??"]

1. e4 e5 2. Nf3 Nf6 3. d4 Nxe4 4. Bd3 d5 5. Nxe5 Be7 6. O-O Nc6 7. Nxc6 bxc6 8.
c4 O-O 9. Nc3 Nxc3 10. bxc3 dxc4 11. Bxc4 c5 12. Qf3 Rb8 13. Be3 cxd4 14. Bxd4
c5 15. Bxg7 Kxg7 16. Qg3+ Kh8 17. Qxb8 Bd6 18. Qb3 Qh4 19. g3 Qf6 20. Bd5 h5
21. c4 h4 22. Qf3 Qg5 23. Qe3 Qg7 24. Rad1 f5 25. Qf3 Qg5 26. Qc3+ Kh7 27. f4
Qg6 28. Rd3 Be7 29. Qe5 Bd6 30. Qb2 Re8 31. Qd2 Bf8 32. Re1 Bg7 33. Rxe8 Qxe8
34. Kf1 h3 35. Qe2 Qg6 36. Qe7 Qf6 37. Qxf6 Bxf6 38. Ke2 Kh6 39. Re3 Bd7 40.
Ra3 Be8 41. Rxa7 Bh5+ 42. Bf3 Bxf3+ 43. Kxf3 Bd4 44. Rb7 1-0

[Event "SR 3. liga A2 2004/2005"]
[Site "?"]
[Date "2004.??.??"]
[Round "?"]
[White "Hertel, Ondrej"]
[Black "Pekar, Tibor"]
[Result "1-0"]
[WhiteElo "1910"]
[BlackElo "2015"]
[Annotator "Skalica - Hlohovec juniori"]
[PlyCount "81"]
[EventDate "2004.??.??"]

1. d4 f5 2. Nf3 Nf6 3. c4 e6 4. g3 b6 5. Bg2 Bb7 6. O-O d6 7. b3 Nbd7 8. Bb2
Be7 9. Nbd2 Ne4 10. Nxe4 Bxe4 11. Re1 O-O 12. Nd2 Bxg2 13. Kxg2 Bf6 14. Qc2 Qe8
15. Rad1 Qh5 16. f4 Rae8 17. Nf3 Rf7 18. e4 fxe4 19. Qxe4 c5 20. Qc6 cxd4 21.
Bxd4 Bxd4 22. Rxd4 Qc5 23. Qxd6 Qxd6 24. Rxd6 Rfe7 25. Ne5 Nxe5 26. Rxe5 Kf7
27. Kf3 Kf6 28. Ke4 h6 29. f5 Kf7 30. Rdxe6 Rxe6 31. Rxe6 Rxe6+ 32. fxe6+ Kxe6
33. b4 a5 34. bxa5 bxa5 35. Kd4 Kd6 36. c5+ Kc6 37. Kc4 g5 38. a4 h5 39. h3 h4
40. g4 Kb7 41. Kb5 1-0

[Event "SR 3. liga A2 2004/2005"]
[Site "?"]
[Date "2004.??.??"]
[Round "?"]
[White "Hrubsa, Vladimir"]
[Black "Kollarik, Gorazd"]
[Result "0-1"]
[WhiteElo "1990"]
[BlackElo "1840"]
[Annotator "Skalica - Hlohovec juniori"]
[PlyCount "124"]
[EventDate "2004.??.??"]

1. e4 d5 2. exd5 Qxd5 3. Nc3 Qa5 4. d4 Nf6 5. Be2 Bf5 6. Nf3 e6 7. O-O c6 8.
Ne5 Bb4 9. Bd2 O-O 10. a3 Bxc3 11. Bxc3 Qb6 12. Bd3 Bxd3 13. Qxd3 Rd8 14. Qf3
Nbd7 15. Nc4 Qc7 16. Ba5 b6 17. Bd2 Nd5 18. Bg5 f6 19. Bd2 Nf8 20. Rfe1 Rd7 21.
Rad1 Rad8 22. b3 c5 23. dxc5 Qxc5 24. a4 Qc7 25. Na3 Qc5 26. Nc4 Qc7 27. h3 Ne7
28. Bb4 Rxd1 29. Rxd1 Nd5 30. Ba3 Rd7 31. Rd3 Qd8 32. Qd1 Qc7 33. Rd4 Qd8 34.
Bxf8 Kxf8 35. Ne3 Ke7 36. Qg4 Kf7 37. Qh5+ Kg8 38. Qd1 f5 39. c4 Nf6 40. Nc2
Kf7 41. b4 e5 42. Rxd7+ Qxd7 43. Qf3 g6 44. b5 e4 45. Qb3 Qd1+ 46. Kh2 Qd3 47.
Qa2 Qd6+ 48. Kg1 Qd1+ 49. Kh2 Qd6+ 50. Kh1 Ke7 51. Ne3 f4 52. Nf1 Qd3 53. Kg1
e3 54. fxe3 fxe3 55. Ng3 Qd1+ 56. Kh2 Qd2 57. Qa1 Ke6 58. Qf1 Qf2 59. Qd3 Qf4
60. Qd8 e2 61. Qc8+ Ke7 62. Qb7+ Nd7 0-1

[Event "SR 3. liga A2 2004/2005"]
[Site "?"]
[Date "2004.??.??"]
[Round "?"]
[White "Skocik, Jozef"]
[Black "Londin, Martin"]
[Result "1-0"]
[WhiteElo "1730"]
[BlackElo "1925"]
[Annotator "Skalica - Hlohovec juniori"]
[PlyCount "111"]
[EventDate "2004.??.??"]

1. e4 e5 2. Bc4 Bc5 3. Nc3 c6 4. Nf3 d6 5. O-O b5 6. Bb3 a5 7. a3 Bg4 8. h3
Bxf3 9. Qxf3 Qf6 10. Qg3 Qg6 11. Qf3 Nf6 12. d3 Nbd7 13. Be3 Qh5 14. Qg3 h6 15.
f4 Qg6 16. Qf3 exf4 17. Qxf4 O-O 18. Bxc5 Nxc5 19. Qxd6 Nxb3 20. cxb3 Rad8 21.
Qxc6 b4 22. Nd5 Nxd5 23. Qxg6 fxg6 24. exd5 Rxd5 25. axb4 Rb8 26. bxa5 Rxd3 27.
Rf2 Rdxb3 28. Ra2 Ra8 29. Rf3 Rb5 30. a6 Ra7 31. Kf2 Rb6 32. Rfa3 Kf7 33. Ke3
Ke6 34. Ra5 Kd6 35. Kd3 Rb4 36. R5a4 Rb5 37. b4 Kc6 38. Kc4 Kb6 39. Re2 Rc7+
40. Kb3 Ka7 41. Re6 Rd5 42. Ra2 Rb5 43. Rxg6 Rb6 44. Rxb6 Kxb6 45. a7 Rxa7 46.
Rxa7 Kxa7 47. Kc4 Kb6 48. Kd5 g5 49. Ke5 Kb5 50. Kf5 Kxb4 51. g4 Kc5 52. Kg6
Kd6 53. Kxh6 Ke7 54. Kxg5 Kf7 55. Kh6 Kg8 56. g5 1-0

[Event "SR 3. liga A2 2004/2005"]
[Site "?"]
[Date "2004.??.??"]
[Round "?"]
[White "Vepy, Ivan"]
[Black "Filip, Frantisek"]
[Result "1-0"]
[WhiteElo "1890"]
[BlackElo "1825"]
[Annotator "Skalica - Hlohovec juniori"]
[PlyCount "69"]
[EventDate "2004.??.??"]

1. e4 e5 2. Bc4 d6 3. Ne2 c6 4. d4 Bg4 5. O-O b5 6. Bb3 Bxe2 7. Qxe2 Be7 8.
dxe5 dxe5 9. Qh5 g6 10. Qxe5 Nf6 11. Bg5 O-O 12. Nc3 Nbd7 13. Qg3 Nh5 14. Bxe7
Qxe7 15. Qe3 Nc5 16. Rfe1 Nxb3 17. axb3 b4 18. Na4 Rfe8 19. Nc5 Nf6 20. h3 Qc7
21. Qf3 Qe5 22. Nd3 Qd4 23. c3 bxc3 24. Ra4 Qd8 25. bxc3 Nd7 26. e5 Re7 27.
Qxc6 Rc8 28. Qd6 Re6 29. Qd4 a5 30. Nf4 Rec6 31. Rd1 Qg5 32. Qxd7 Qxe5 33. Rad4
Kg7 34. c4 Rc5 35. Nd3 1-0

[Event "SR 3. liga A2 2004/2005"]
[Site "?"]
[Date "2004.??.??"]
[Round "?"]
[White "Barea, Michal"]
[Black "Vogl, Zdenek"]
[Result "0-1"]
[WhiteElo "1715"]
[BlackElo "1880"]
[Annotator "Skalica - Hlohovec juniori"]
[PlyCount "68"]
[EventDate "2004.??.??"]

1. c4 Nf6 2. Nc3 e6 3. e4 c5 4. Be2 Nc6 5. d3 d5 6. Bf4 a6 7. exd5 exd5 8. cxd5
Nxd5 9. Bg3 Nxc3 10. bxc3 Bd6 11. Bf3 Bxg3 12. Bxc6+ bxc6 13. hxg3 Bf5 14. Qf3
Qd5 15. Rd1 O-O-O 16. Rh4 Rhe8+ 17. Ne2 Qxf3 18. gxf3 Bxd3 19. Rd2 c4 20. Rd4
Rxd4 21. cxd4 Kd7 22. Kd1 Rxe2 23. Rxe2 Bxe2+ 24. Kxe2 Kd6 25. Kd2 Kd5 26. Kc3
h5 27. f4 f5 28. f3 g6 29. a3 a5 30. a4 c5 31. dxc5 Kxc5 32. Kd2 Kb4 33. Kc2
Kxa4 34. Kc3 Kb5 0-1

[Event "SR 3. liga A2 2004/2005"]
[Site "?"]
[Date "2004.??.??"]
[Round "?"]
[White "Hrubsa, Marian"]
[Black "Racik, Marek"]
[Result "0-1"]
[WhiteElo "1775"]
[BlackElo "1665"]
[Annotator "Skalica - Hlohovec juniori"]
[PlyCount "94"]
[EventDate "2004.??.??"]

1. e4 c5 2. Nf3 Nc6 3. d4 cxd4 4. Nxd4 Nf6 5. Nc3 g6 6. Bc4 d6 7. O-O Bg7 8.
Nxc6 bxc6 9. e5 dxe5 10. Qxd8+ Kxd8 11. Be3 e6 12. Rad1+ Kc7 13. a4 a5 14. f4
Ng4 15. Bc5 Bf8 16. Bxf8 Rxf8 17. Rde1 exf4 18. Rxf4 h5 19. Bd3 f5 20. h3 Nf6
21. Bc4 Re8 22. Rf2 e5 23. Bf7 Re7 24. Bxg6 h4 25. Bxf5 Nd5 26. Nxd5+ cxd5 27.
Bxc8 Rxc8 28. Rf5 Kd6 29. Re2 Rc4 30. b3 Rb4 31. Rf6+ Re6 32. Rf8 Kc5 33. Rc8+
Kb6 34. Rf2 e4 35. Re2 e3 36. Rd8 Rd4 37. Rf8 Rd2 38. Re1 Rxc2 39. Kf1 d4 40.
Rd8 Rf6+ 41. Kg1 Rd2 42. Re8 Rff2 43. Rc1 Rxg2+ 44. Kh1 Rh2+ 45. Kg1 Rdg2+ 46.
Kf1 e2+ 47. Ke1 Rh1+ 0-1

[Event "SR 3. liga A2 2004/2005"]
[Site "?"]
[Date "2004.??.??"]
[Round "?"]
[White "Schmikli, Laszlo"]
[Black "Furjel, Andrej"]
[Result "1-0"]
[WhiteElo "2295"]
[BlackElo "2005"]
[Annotator "Velky Meder - Piestany B"]
[PlyCount "61"]
[EventDate "2004.??.??"]

{65536kB. Pentium} 1. e4 d6 2. d4 g6 3. Nc3 Bg7 4. Be2 Nf6 5. g4 d5 6. e5 Ne4
7. Nxe4 dxe4 8. Be3 c5 9. c3 cxd4 10. Qa4+ Nc6 11. O-O-O O-O 12. cxd4 Be6 13.
Nh3 Bd5 14. Nf4 e6 15. h4 a6 16. Nxd5 exd5 17. Kb1 b5 18. Qc2 Rc8 19. Qd2 Qa5
20. h5 Rfe8 21. Qxa5 Nxa5 22. b3 Bf8 23. Kb2 Be7 24. hxg6 hxg6 25. Rh3 Bd8 26.
g5 Kf8 27. f3 Nc6 28. fxe4 dxe4 29. d5 Nxe5 30. d6 Re6 31. Rh8+ 1-0

[Event "SR 3. liga A2 2004/2005"]
[Site "?"]
[Date "2004.??.??"]
[Round "?"]
[White "Moravcik, Marian"]
[Black "Bors, Sandor"]
[Result "0-1"]
[WhiteElo "1995"]
[BlackElo "2140"]
[Annotator "Velky Meder - Piestany B"]
[PlyCount "118"]
[EventDate "2004.??.??"]

1. e4 e5 2. Nf3 Nc6 3. Bb5 a6 4. Ba4 Nf6 5. O-O Be7 6. Re1 b5 7. Bb3 d6 8. c3
O-O 9. h3 Na5 10. Bc2 c5 11. d4 cxd4 12. cxd4 Qc7 13. Nbd2 Bd7 14. Nf1 Rfe8 15.
Ng3 h6 16. Bd3 Bf8 17. Bd2 Rac8 18. b3 Nc6 19. d5 Ne7 20. Rc1 Qb8 21. Be3 Ng6
22. Bb1 a5 23. Qd2 $11 b4 24. Rxc8 Rxc8 25. Rc1 Be7 26. Rxc8+ Qxc8 27. Kh2 Kh7
28. Qc1 Qxc1 29. Bxc1 Kg8 30. Be3 Bd8 31. Bd3 Ne7 32. Kg1 Kf8 33. Kf1 Ke8 34.
Ke2 Bc7 35. Nh4 Kd8 36. Bc4 Kc8 37. Kd3 Kb7 38. Nf1 g5 39. Nf3 Ng6 40. Ne1 Nh5
41. Ng3 $11 Nxg3 42. fxg3 f5 43. Bf2 Ne7 44. Ke3 fxe4 45. g4 Bb6+ 46. Ke2 Be8
47. Bxb6 Kxb6 48. Ke3 Bg6 49. Nc2 Kc5 50. Kd2 Nxd5 51. Bxd5 Kxd5 52. Ne3+ Kc5
53. Nf5 h5 54. Ke3 hxg4 55. hxg4 d5 56. g3 Bxf5 57. gxf5 g4 58. Kd2 Kd6 59. Ke3
Ke7 0-1

[Event "SR 3. liga A2 2004/2005"]
[Site "?"]
[Date "2004.??.??"]
[Round "?"]
[White "Ivan, Imrich ml"]
[Black "Curidlo, Jan"]
[Result "1-0"]
[WhiteElo "2020"]
[BlackElo "2100"]
[Annotator "Velky Meder - Piestany B"]
[PlyCount "133"]
[EventDate "2004.??.??"]

1. c4 Nf6 2. Nc3 c5 3. Nf3 b6 4. g3 Bb7 5. Bg2 e6 6. O-O Be7 7. d3 O-O 8. e4 d6
9. h3 a6 10. b3 Qc7 11. Bb2 Nbd7 12. Ne2 Rfe8 13. Nf4 Rad8 14. Qc2 Nf8 15. Qc3
b5 16. a3 e5 17. Nd5 Nxd5 18. cxd5 Bf6 19. Qd2 a5 20. Rac1 Qb6 21. Qe3 b4 22.
Nd2 Ba6 23. a4 h6 24. Nc4 Qc7 25. Qe2 Nh7 26. f4 Bxc4 27. dxc4 Qe7 28. f5 Kh8
29. Rc2 g5 30. Qh5 Bg7 31. Bc1 Nf6 32. Qe2 Nd7 33. Qf3 Rf8 34. Kf2 Nf6 35. Ke2
Kh7 36. Kd3 Ng8 37. h4 f6 38. hxg5 fxg5 39. Rh1 Bf6 40. Bh3 Qg7 41. Rch2 Be7
42. Bg4 Rf6 43. Bh5 Rdf8 44. Qg4 R6f7 45. Bg6+ Kh8 46. Bxg5 Bxg5 47. Qxg5 Rxf5
48. exf5 e4+ 49. Ke2 Qb2+ 50. Qd2 Qxb3 51. Rxh6+ Kg7 52. Rh7+ Kf6 53. Rf1 Qxc4+
54. Kf2 Qd4+ 55. Qxd4+ cxd4 56. Re1 Ke5 57. Rh8 Rc8 58. Rxe4+ Kxd5 59. f6 Rc2+
60. Re2 Rxe2+ 61. Kxe2 Nxf6 62. Kd3 Nd7 63. Rh5+ Ne5+ 64. Rxe5+ dxe5 65. Bf7+
Kc5 66. Bb3 Kc6 67. g4 1-0

[Event "SR 3. liga A2 2004/2005"]
[Site "?"]
[Date "2004.??.??"]
[Round "?"]
[White "Orvisky, Vladimir"]
[Black "Csefalvay, Stefan"]
[Result "1/2-1/2"]
[WhiteElo "1895"]
[BlackElo "1905"]
[Annotator "Velky Meder - Piestany B"]
[PlyCount "48"]
[EventDate "2004.??.??"]

1. c4 e5 2. Nc3 Nf6 3. Nf3 Nc6 4. g3 d5 5. cxd5 Nxd5 6. Bg2 Nxc3 7. dxc3 Qxd1+
8. Kxd1 Bc5 9. b4 Bd6 10. Nd2 Bd7 11. Nc4 a6 12. Kc2 Be7 13. Ne3 O-O 14. Nd5
Bd6 15. Rd1 Be6 16. Bd2 f5 17. a4 e4 18. Bf4 Ne5 19. Rd4 h6 20. h4 Nc6 21. Rd2
Ne5 22. Rd4 Nc6 23. Rd2 Ne5 24. Rad1 Kf7 1/2-1/2

[Event "SR 3. liga A2 2004/2005"]
[Site "?"]
[Date "2004.??.??"]
[Round "?"]
[White "Vizvari, Ludovit"]
[Black "Bincik, Pavol"]
[Result "1/2-1/2"]
[WhiteElo "1795"]
[BlackElo "1795"]
[Annotator "Velky Meder - Pies any B"]
[PlyCount "60"]
[EventDate "2004.??.??"]

1. d4 d5 2. c4 c6 3. Nf3 Nf6 4. Bf4 Bf5 5. e3 Qb6 6. Qc2 dxc4 7. Bxc4 e6 8. O-O
Be7 9. Nc3 Nbd7 10. Rfe1 Rc8 11. Qd2 O-O 12. a3 c5 13. d5 exd5 14. Nxd5 Nxd5
15. Bxd5 Nf6 16. e4 Nxd5 17. exd5 Bd6 18. Ne5 Qc7 19. Nd3 Bxd3 20. Bxd6 Qxd6
21. Qxd3 Rfe8 22. Re4 Rxe4 23. Qxe4 Rd8 24. Rd1 g6 25. g3 Kf8 26. Kg2 Qe7 27.
Qxe7+ Kxe7 28. f4 Kd6 29. Kf3 Re8 30. b3 f5 $11 1/2-1/2

[Event "SR 3. liga A2 2004/2005"]
[Site "?"]
[Date "2004.??.??"]
[Round "?"]
[White "Masar, Michal"]
[Black "Ivan, Imrich st"]
[Result "0-1"]
[WhiteElo "1825"]
[BlackElo "1785"]
[Annotator "Velky Meder - Piestany B"]
[PlyCount "52"]
[EventDate "2004.??.??"]

1. d4 d5 2. Nf3 Nf6 3. Bf4 Bf5 4. h3 h6 5. e3 e6 6. Bd3 Bxd3 7. Qxd3 c6 8. Nbd2
Bd6 9. Bxd6 Qxd6 10. O-O Nbd7 11. e4 dxe4 12. Nxe4 Nxe4 13. Qxe4 Nf6 14. Qe2
O-O 15. c3 Rfd8 16. Ne5 Nd7 17. f4 Nxe5 18. fxe5 Qe7 19. Rf3 c5 20. Raf1 Rf8
21. Rg3 cxd4 22. Qd2 f5 23. Qxh6 dxc3 24. bxc3 Qc5+ 25. Kh2 Qxe5 26. Re1 Qxg3+
0-1

[Event "SR 3. liga A2 2004/2005"]
[Site "?"]
[Date "2004.??.??"]
[Round "?"]
[White "Szabo, Gabor"]
[Black "Slaby, Jozef"]
[Result "0-1"]
[WhiteElo "1675"]
[BlackElo "1750"]
[Annotator "Velky Meder - Piestany B"]
[PlyCount "60"]
[EventDate "2004.??.??"]

1. e4 e6 2. d4 d5 3. Nc3 Nf6 4. Bg5 Be7 5. e5 Nfd7 6. Bxe7 Qxe7 7. f4 a6 8. a3
c5 9. Nf3 Nc6 10. Ne2 b5 11. a4 bxa4 12. Nc3 Rb8 13. Nxa4 O-O 14. dxc5 Nxc5 15.
Nxc5 Qxc5 16. Bxa6 Rxb2 17. Bd3 Nb4 18. Rc1 Qe3+ 19. Be2 Ba6 20. Qd2 Qc5 21.
Kd1 Bxe2+ 22. Qxe2 Na2 23. Qd3 Nxc1 24. Kxc1 Rfb8 25. Kd2 Qb4+ 26. Ke3 Rc8 27.
Nd4 Rc3 28. Ra1 Rxd3+ 29. cxd3 Qd2+ 30. Kf3 h5 0-1